000 00486nam a22001577a 4500
005 20180827142859.0
020 _a812031381X
_c75.00
035 _aA-950370,A-950376
037 _aDPL
_bENG
100 _aBurke, Dorothy
245 _a10 minute guide to lotus notes 4.6 /
_cby Dorothy Burke and Jane Calabria
260 _aNew Delhi
_bPrentice-Hall of India
_c1998
300 _aviii, 213p.
_c18 cms.
700 _aCalabria, Jane
_941081
942 _2ddc
_cEN
_h005.3
_mBUR
999 _c62172
_d62172